000 00651nam a22001817a 4500
005 20240822111149.0
008 240812b |||||||| |||| 00| 0 eng d
020 _a9780713467659
041 _aEnglish
082 _bHOL
100 _aHolmes Doreen
_9208217
245 _aNeedlepoint Lace : Designs From the Countryside
260 _aLondon
_bB. T. Batsford
_c1991
300 _a144
520 _a• Acknowledgement • Introduction • Stitches and Techniques • Designs for you to try • Hints and Tips • Patterns Actual • Design Library • Suppliers band Sources of Information
650 _aEmbroidery
_9119869
942 _cDB
999 _c359457
_d359457